Datum a čas kvízu

38.5 Celkem bodů Celkový počet nahraných bodů na tomto kvízu bez doplňovacích otázek.
3. Pořadí na kvízu Konečné umístění týmu na tomto kvízu.

Zaznamenané odpovědi

# Otázka Odpověď Body Výsledky
1. Minulý čtvrtek zveřejnil Český... A 1
2. Papež Lev XIV. vydal svůj prvn... A 1
3. 41letý frontman populární česk... Rybičky 48; Kuba Ryba 1
4. V úterý padla v Česku rekordní... 9 1
5. Asi největším šokem prvního tý... Juan Manuel Cerúndolo 0
6. Vítězné téma facebookového hla... C 1
7. Průměr zahradních hadic bývá u... coul (palec) 1
8. Jak se jmenuje tato květina, o... hortenzie 1
9. Mnoho zahrádkářů může mít doma... Fiskars 1
10. Níže jsou tři výmysly a jedno... D 0